[Event "Open A"]
[Site "Moscow RUS"]
[Date "2010.02.05"]
[Round "7"]
[White "Iturrizaga,E"]
[Black "Reshetnikov,Al"]
[Result "0-1"]
[WhiteElo "2616"]
[BlackElo "2447"]
[EventDate "2010.01.30"]

1. d4 Nf6 2. c4 c6 3. Nf3 d5 4. e3 Bg4 5. Nc3 e6 6. h3 Bh5 7. g4 Bg6 8. Nh4
Nbd7 9. Qb3 Qc7 10. g5 Ng8 11. Bd2 Ne7 12. cxd5 exd5 13. Nxg6 hxg6 14. Bd3
Nf5 15. Qc2 Nh4 16. O-O-O O-O-O 17. Be2 Kb8 18. Kb1 Be7 19. Rc1 Nb6 20. e4
Ka8 21. e5 Nf5 22. Bg4 Nxd4 23. Qd3 Nf5 24. f4 Nc4 25. Rc2 Qb6 26. Bxf5
Na3+ 27. Kc1 Nxc2 28. Qxc2 gxf5 29. Qxf5 Rhf8 30. Qh7 g6 31. e6 d4 32. Ne4
Qa6 33. exf7 Qxa2 34. Re1 Ba3 0-1

[Event "Open A"]
[Site "Moscow RUS"]
[Date "2010.02.05"]
[Round "7"]
[White "Khusnutdinov,R"]
[Black "Deviatkin,A"]
[Result "1-0"]
[WhiteElo "2513"]
[BlackElo "2604"]
[EventDate "2010.01.30"]

1. e4 c6 2. d3 d5 3. Nd2 g6 4. g3 Bg7 5. Bg2 e5 6. Ngf3 Ne7 7. O-O O-O 8.
b4 a5 9. bxa5 Qxa5 10. Bb2 Qc7 11. Re1 d4 12. c3 c5 13. cxd4 cxd4 14. a4
Nbc6 15. Ba3 Rd8 16. Qc2 h6 17. Reb1 Be6 18. Rb5 Nc8 19. Rab1 Rb8 20. Nc4
N8a7 21. R5b2 Na5 22. Nxa5 Qxa5 23. Rxb7 Rxb7 24. Rxb7 Rc8 25. Qd1 Qa6 26.
Rb1 Bd7 27. Ra1 Bxa4 28. Bb2 Bxd1 29. Rxa6 Nb5 30. Ra1 Be2 31. Ne1 Bf8 32.
Bf1 Bg4 33. Rc1 Ra8 34. Rb1 Ra2 35. Bc1 Nc3 36. Rb8 Kg7 37. Bxh6+ Kxh6 38.
Rxf8 Ra1 39. f3 Be6 40. Kf2 Nd1+ 41. Kg1 Ne3 42. Kf2 Ra2+ 43. Kg1 Nxf1 44.
Kxf1 Bh3+ 45. Kg1 Re2 46. Rh8+ Kg7 47. Rxh3 Rxe1+ 48. Kf2 Re3 49. Rh4 Rxd3
50. f4 f5 51. exf5 e4 52. Rg4 Rf3+ 53. Ke1 d3 54. Rxg6+ Kf7 55. Rd6 Re3+
56. Kd1 Rf3 57. Rd4 Rf1+ 58. Kd2 Rf2+ 59. Ke1 Re2+ 60. Kd1 Kf6 61. g4 Rg2
62. h3 Rg1+ 63. Kd2 Rg2+ 64. Ke1 Re2+ 65. Kd1 Re3 66. Rd6+ Kf7 67. g5 Rxh3
68. g6+ 1-0

[Event "Open A"]
[Site "Moscow RUS"]
[Date "2010.02.05"]
[Round "7"]
[White "Ipatov,A ESP"]
[Black "Rakhmanov,Ale"]
[Result "1-0"]
[WhiteElo "2497"]
[BlackElo "2591"]
[EventDate "2010.01.30"]

1. d4 Nf6 2. c4 g6 3. Nc3 d5 4. Bg5 Ne4 5. Bh4 Nxc3 6. bxc3 dxc4 7. e3 Be6
8. Rb1 b6 9. Nh3 Bh6 10. e4 c6 11. Ng5 Qd7 12. Be2 Bxg5 13. Bxg5 Na6 14.
Bh6 Nc7 15. a4 f6 16. O-O Bf7 17. Qc2 Rg8 18. Bf4 O-O-O 19. Qa2 g5 20. Bg3
h5 21. h3 g4 22. h4 Rge8 23. Bxc4 Bxc4 24. Qxc4 e5 25. dxe5 fxe5 26. a5 b5
27. Qc5 Kb7 28. Kh2 Qd6 29. Qxd6 Rxd6 30. Rfd1 Rxd1 31. Rxd1 c5 32. f3 gxf3
33. gxf3 Kc6 34. Kg2 c4 35. Kf2 Na6 36. Ke2 Nc5 37. Bf2 Na4 38. Rc1 a6 39.
Rc2 Rg8 40. Kf1 b4 41. cxb4 c3 42. Be1 Kb5 43. Rxc3 1-0

[Event "Open A"]
[Site "Moscow RUS"]
[Date "2010.02.05"]
[Round "7"]
[White "Matlakov,M"]
[Black "Krivoborodov,E"]
[Result "1-0"]
[WhiteElo "2587"]
[BlackElo "2471"]
[EventDate "2010.01.30"]

1. d4 d5 2. Nf3 Nf6 3. c4 c6 4. e3 a6 5. Bd2 e6 6. Qc2 Nbd7 7. Nc3 c5 8.
cxd5 exd5 9. g4 h6 10. Bg2 Be7 11. h4 Nxg4 12. Nxd5 O-O 13. Qe4 Ndf6 14.
Qxe7 Qxd5 15. Qxc5 Qxc5 16. dxc5 Ne4 17. O-O Bd7 18. Bb4 Bb5 19. Nd4 Bxf1
20. Bxe4 Bb5 21. Bxb7 Rab8 22. c6 Bxc6 23. Nxc6 Rxb7 24. Bxf8 Kxf8 25. Rd1
g6 26. b4 Rb6 27. Rd8+ Kg7 28. Rc8 Kf6 29. a3 Ne5 30. Nd4 g5 31. h5 Ke7 32.
Rh8 Nc4 33. Nf5+ Ke6 34. e4 Nxa3 35. Rxh6+ f6 36. Rh8 Nc4 37. h6 Kf7 38.
Rc8 1-0

[Event "Open A"]
[Site "Moscow RUS"]
[Date "2010.02.05"]
[Round "7"]
[White "Zhigalko,S"]
[Black "Korobkov,P"]
[Result "1-0"]
[WhiteElo "2668"]
[BlackElo "2482"]
[EventDate "2010.01.30"]

1. e4 c6 2. d4 d5 3. e5 Bf5 4. Nf3 e6 5. Be2 Bb4+ 6. c3 Ba5 7. O-O Nd7 8.
Re1 h6 9. Nbd2 Ne7 10. Nf1 Bg6 11. Nh4 Bh7 12. Ng3 Bb6 13. Bd3 Bxd3 14.
Qxd3 g6 15. b4 a5 16. b5 c5 17. Ba3 Rc8 18. Rac1 Kf8 19. Re3 Kg7 20. Rf3
Nf8 21. Qe3 cxd4 22. Qf4 Nf5 23. Ngxf5+ exf5 24. Rg3 Kh7 25. Nxf5 g5 26.
Qh4 Ra8 1-0

[Event "Open A"]
[Site "Moscow RUS"]
[Date "2010.02.05"]
[Round "7"]
[White "Nepomniachtchi,I"]
[Black "Pavlov,S2"]
[Result "1-0"]
[WhiteElo "2658"]
[BlackElo "2470"]
[EventDate "2010.01.30"]

1. e4 c5 2. Nf3 e6 3. d4 cxd4 4. Nxd4 Nf6 5. Nc3 Nc6 6. Ndb5 d6 7. Bf4 e5
8. Bg5 a6 9. Na3 b5 10. Nd5 Be7 11. Bxf6 Bxf6 12. c4 b4 13. Nc2 O-O 14. Be2
a5 15. O-O Bg5 16. Qd3 Be6 17. Rfd1 Rb8 18. Qb3 Ne7 19. a3 Nxd5 20. cxd5
Bd7 21. axb4 Qb6 22. Qg3 Bf4 23. Qd3 axb4 24. Ra6 Qc5 25. Qc4 Bxh2+ 26.
Kxh2 Qxf2 27. Rc6 f5 28. Rf1 Qh4+ 29. Kg1 fxe4 30. Ne3 Rxf1+ 31. Nxf1 Rf8
32. Bf3 Rxf3 33. gxf3 Qg5+ 34. Kf2 Qh4+ 35. Ke2 exf3+ 36. Kxf3 Qh5+ 37. Kf2
Qf7+ 38. Ke1 Bxc6 39. Qxc6 h5 40. Qxd6 Qf4 41. Qg6 Qc1+ 42. Ke2 Qxb2+ 43.
Nd2 Qd4 44. d6 b3 45. Qe8+ Kh7 46. Qxh5+ Kg8 47. Qe8+ Kh7 48. d7 Qg4+ 49.
Nf3 1-0

[Event "Open A"]
[Site "Moscow RUS"]
[Date "2010.02.05"]
[Round "7"]
[White "Kovalenko,I"]
[Black "Popov,Iv RUS"]
[Result "1-0"]
[WhiteElo "2486"]
[BlackElo "2617"]
[EventDate "2010.01.30"]

1. d4 d5 2. c4 c6 3. Nf3 Nf6 4. Nc3 dxc4 5. a4 e6 6. e3 c5 7. Bxc4 Nc6 8.
O-O cxd4 9. exd4 Be7 10. Be3 Nb4 11. Ne5 O-O 12. a5 Bd7 13. Qb3 a6 14. d5
exd5 15. Bb6 Qc8 16. Nxd5 Nfxd5 17. Bxd5 Be6 18. Bxe6 Qxe6 19. Qxe6 fxe6
20. Nc4 Rac8 21. b3 Rf5 22. Rae1 Rc6 23. Ne5 Rc3 24. Nf3 Bf6 25. Rxe6 Rxb3
26. Re8+ Kf7 27. Rb8 Nc6 28. Rxb7+ Kg6 29. Rd7 Nxa5 30. Bd8 Rb7 31. Rd6 Kf7
32. Bxf6 Rxf6 33. Rd5 Nc4 34. Rc5 Nd6 35. h4 Ke7 36. Ra1 Nb5 37. Ng5 h6 38.
Ne4 Re6 39. f3 Rc7 40. Kh2 Rec6 41. Re5+ Kd8 42. g4 Kc8 43. Kg3 Nd6 44.
Nxd6+ Rxd6 45. Rb1 Ra7 46. Ra5 Kc7 47. Kf4 Rb6 48. Rba1 Rb4+ 49. Kf5 Kb6
50. Kg6 Rc4 51. R1a4 Rc6+ 52. Kh5 Rf6 53. f4 Kc7 54. f5 Kd8 55. Re4 Re7 56.
Rb4 Ke8 57. g5 hxg5 58. hxg5 Rf8 59. Kg6 Ref7 60. Rb8+ Ke7 61. Rb7+ 1-0

[Event "Open A"]
[Site "Moscow RUS"]
[Date "2010.02.06"]
[Round "8"]
[White "Amonatov,F"]
[Black "Inarkiev,E"]
[Result "1/2-1/2"]
[WhiteElo "2634"]
[BlackElo "2649"]
[EventDate "2010.01.30"]

1. e4 e5 2. Nf3 Nc6 3. Bb5 Nf6 4. Bxc6 dxc6 5. d3 Bd6 6. Nbd2 c5 7. Nc4 Qe7
8. b3 Nd7 9. Bb2 f6 10. O-O Nb8 11. Nh4 Nc6 12. Ne3 1/2-1/2

[Event "Open A"]
[Site "Moscow RUS"]
[Date "2010.02.06"]
[Round "8"]
[White "Rublevsky,S"]
[Black "Matlakov,M"]
[Result "1/2-1/2"]
[WhiteElo "2697"]
[BlackElo "2587"]
[EventDate "2010.01.30"]

1. e4 e6 2. d4 d5 3. Nd2 c5 4. Ngf3 cxd4 5. Nxd4 Nf6 6. exd5 Qxd5 7. Nb5
Na6 8. c4 Qc6 9. Nf3 b6 10. Be2 Bb7 11. O-O Be7 12. Nbd4 Qc8 13. Qa4+ Nd7
14. Bg5 Nac5 15. Qa3 Nf6 16. Rad1 O-O 17. Ne5 Re8 18. Qe3 Nce4 19. Bf4 Rd8
20. f3 Nd6 21. Bg3 Nd7 22. Nxd7 Rxd7 23. b3 Qc5 24. Bf2 Rad8 25. Rfe1 Bf6
1/2-1/2

[Event "Open A"]
[Site "Moscow RUS"]
[Date "2010.02.06"]
[Round "8"]
[White "Kurnosov,I"]
[Black "Miton,K"]
[Result "1/2-1/2"]
[WhiteElo "2668"]
[BlackElo "2586"]
[EventDate "2010.01.30"]

1. e4 e5 2. Nf3 Nc6 3. Bb5 a6 4. Ba4 Nf6 5. O-O b5 6. Bb3 Bc5 7. a4 Rb8 8.
Nxe5 Nxe5 9. d4 Bxd4 10. Qxd4 d6 11. f4 Nc6 12. Qc3 Ne7 13. Qd3 c5 14. axb5
axb5 15. c4 bxc4 16. Bxc4 O-O 17. Nc3 Nc6 18. e5 dxe5 19. Qxd8 Rxd8 20.
fxe5 Nxe5 21. Bf4 Rb4 22. Bxe5 Rxc4 23. Ra8 Rf8 24. Bxf6 gxf6 25. Nd5 Be6
26. Nxf6+ Kg7 27. Nh5+ Kg8 28. Nf6+ Kg7 29. Rxf8 Kxf8 30. Nxh7+ Kg7 31. Ng5
Bd5 32. h3 f6 33. Nf3 Rb4 34. Rf2 Bxf3 35. gxf3 Kg6 36. Rc2 Kg5 37. Rxc5+
Kf4 38. Rc2 Kg3 39. Kf1 f5 40. Rg2+ Kxf3 41. Rc2 Kf4 1/2-1/2

[Event "Open A"]
[Site "Moscow RUS"]
[Date "2010.02.06"]
[Round "8"]
[White "Andreikin,D"]
[Black "Gasanov,E"]
[Result "1-0"]
[WhiteElo "2635"]
[BlackElo "2536"]
[EventDate "2010.01.30"]

1. e4 c5 2. Nc3 Nc6 3. Bb5 Nd4 4. Nf3 Nxb5 5. Nxb5 d6 6. d4 a6 7. Nc3 cxd4
8. Qxd4 e5 9. Qd3 h6 10. Be3 Nf6 11. O-O-O Be7 12. Nh4 g6 13. f4 Nh5 14.
Nxg6 fxg6 15. fxe5 Bg5 16. exd6 Bxe3+ 17. Qxe3 Qg5 18. Qxg5 hxg5 19. Rd5
Be6 20. Rxg5 Kd7 21. Rd1 b5 22. e5 Rac8 23. Rxg6 Rc5 24. Rg5 Rc4 25. g3 Rh7
26. h4 Rg4 27. Rxg4 Bxg4 28. Rd4 Bf3 29. g4 Ng3 30. Rd3 Ne2+ 31. Nxe2 Bxe2
32. e6+ Ke8 33. d7+ Kd8 34. Rd6 Rh8 35. Rc6 Ke7 36. Rc8 Rd8 37. h5 Bxg4 38.
h6 Bf5 39. b4 Be4 40. c3 Bh7 41. Kd2 Rg8 42. Rxg8 Bxg8 43. Ke3 Bh7 44. Kd4
Kd8 45. Kd5 Kc7 46. Ke5 1-0

[Event "Open A"]
[Site "Moscow RUS"]
[Date "2010.02.06"]
[Round "8"]
[White "Volkov,Sergey1"]
[Black "Shimanov,A"]
[Result "1-0"]
[WhiteElo "2623"]
[BlackElo "2535"]
[EventDate "2010.01.30"]

1. d4 d5 2. c4 c6 3. Nc3 Nf6 4. e3 g6 5. Nf3 Bg7 6. Bd3 O-O 7. O-O Bg4 8.
h3 Bxf3 9. Qxf3 e6 10. Rd1 Nbd7 11. b3 Re8 12. Bb2 Qe7 13. Bf1 a6 14. g3 h5
15. Bg2 Rad8 16. Rac1 Rc8 17. Qe2 Bf8 18. Rc2 Bg7 19. Rdc1 Rcd8 20. Rd2 Rc8
21. Qd3 Rcd8 22. Qb1 Rb8 23. Rdd1 Red8 24. Qc2 Rbc8 25. Nb1 Qe8 26. Bc3 Qe7
27. a3 Re8 28. Bb4 Qd8 29. Nd2 Qc7 30. Qb1 Qb8 31. a4 Qc7 32. a5 Qb8 33.
Qa2 Rcd8 34. Qa3 Bf8 35. Bxf8 Rxf8 36. b4 e5 37. b5 axb5 38. cxb5 cxb5 39.
Qb4 exd4 40. exd4 Qa7 41. Qxb5 Qxd4 42. Qxb7 Rb8 43. Qc6 Qa7 44. Qc3 Rfe8
45. Nb3 Ne4 46. Qd4 Qa6 47. Bxe4 Rxe4 48. Qxd5 Nf6 49. Nc5 Qxa5 50. Qc6 Rb6
51. Qc8+ Re8 52. Rd8 Rxd8 53. Qxd8+ Kh7 54. Ne6 Ng8 55. Qf8 Qe5 56. Qxf7+
Kh6 57. Qf8+ Kh7 58. Ng5+ 1-0

[Event "Open A"]
[Site "Moscow RUS"]
[Date "2010.02.06"]
[Round "8"]
[White "Khusnutdinov,R"]
[Black "Azarov,S"]
[Result "1/2-1/2"]
[WhiteElo "2513"]
[BlackElo "2622"]
[EventDate "2010.01.30"]

1. e4 e5 2. Nf3 Nc6 3. d4 exd4 4. Nxd4 Nf6 5. Nxc6 bxc6 6. e5 Qe7 7. Qe2
Nd5 8. c4 Ba6 9. b3 g5 10. g3 Bg7 11. Bb2 O-O-O 12. Nd2 Nb4 13. Nf3 c5 14.
Bg2 Bb7 15. O-O f5 16. a3 Nc6 17. b4 f4 18. b5 Nb8 19. Nd2 Bxg2 20. Kxg2 h5
21. gxf4 gxf4 22. Nf3 d6 23. Rae1 Bxe5 24. Bxe5 dxe5 25. Kh1 Nd7 26. Qe4
Kb8 27. Rg1 Rhg8 28. Rxg8 Rxg8 29. a4 Nf6 30. Qxe5 Ng4 31. Qb2 Qf6 32. Qe2
Qc3 33. Rf1 Qa3 34. a5 Qxa5 35. h3 Qc3 36. Rg1 Rh8 37. Rg2 Qa1+ 38. Rg1 Qc3
39. Rg2 Qa1+ 40. Rg1 Qc3 1/2-1/2

[Event "Open A"]
[Site "Moscow RUS"]
[Date "2010.02.06"]
[Round "8"]
[White "Reshetnikov,Al"]
[Black "Vorobiov,E"]
[Result "1/2-1/2"]
[WhiteElo "2447"]
[BlackElo "2621"]
[EventDate "2010.01.30"]

1. e4 c5 2. Nf3 e6 3. d4 cxd4 4. Nxd4 a6 5. Bd3 Bc5 6. Nb3 Be7 7. O-O d6 8.
c4 Nf6 9. Nc3 b6 10. f4 Nbd7 11. Qe2 Qc7 12. Bd2 Bb7 13. Rae1 Rd8 14. Rf3
O-O 15. Rh3 g6 16. g4 d5 17. cxd5 exd5 18. e5 Ne4 19. Nxe4 dxe4 20. Bxe4
Bxe4 21. Qxe4 Nc5 22. Qe2 Qd7 23. Be3 Nxb3 24. axb3 Bc5 25. Bxc5 bxc5 26.
Re3 Qd4 27. Qf2 Qb4 28. Rf3 1/2-1/2

[Event "Open A"]
[Site "Moscow RUS"]
[Date "2010.02.06"]
[Round "8"]
[White "Ipatov,A ESP"]
[Black "Belov,Vl"]
[Result "0-1"]
[WhiteElo "2497"]
[BlackElo "2595"]
[EventDate "2010.01.30"]

1. d4 Nf6 2. c4 g6 3. Nc3 d5 4. Bg5 Ne4 5. Bh4 Nxc3 6. bxc3 dxc4 7. e3 Be6
8. Rb1 Nd7 9. Nf3 Nb6 10. Be2 Bg7 11. O-O O-O 12. e4 f6 13. Qc1 Qd7 14. Bg3
Bf7 15. Rd1 c6 16. h4 Nc8 17. h5 g5 18. d5 cxd5 19. exd5 Nb6 20. d6 e5 21.
Nd2 h6 22. Rxb6 axb6 23. Nxc4 Rxa2 24. Bf1 b5 25. Na3 f5 26. f3 Qc6 27.
Nxb5 f4 28. Bf2 Rd8 29. Qb1 g4 30. Na7 Qxc3 31. Qb6 Rd7 32. Bb5 g3 33. Bxd7
gxf2+ 34. Kh2 Qxf3 35. Qd8+ Bf8 36. Rf1 Qg3+ 37. Kh1 Bd5 0-1

[Event "Open A"]
[Site "Moscow RUS"]
[Date "2010.02.06"]
[Round "8"]
[White "Zinchenko,Ya"]
[Black "Zhigalko,S"]
[Result "1/2-1/2"]
[WhiteElo "2538"]
[BlackElo "2668"]
[EventDate "2010.01.30"]

1. e4 c5 2. Nf3 Nc6 3. d4 cxd4 4. Nxd4 Nf6 5. Nc3 e5 6. Ndb5 d6 7. Bg5 a6
8. Na3 b5 9. Bxf6 gxf6 10. Nd5 f5 11. Bd3 Be6 12. O-O Bxd5 13. exd5 Ne7 14.
c3 Bg7 15. Nc2 e4 16. Be2 Qb6 17. a4 bxa4 18. Ne3 O-O 19. Nc4 Qc5 20. Rxa4
f4 21. Ra5 Qc7 22. Qa4 Ng6 23. f3 exf3 24. Bxf3 Ne5 25. Nxe5 Qb6+ 26. Kh1
Bxe5 27. Qa1 Rfb8 28. Ra2 Ra7 29. Qd1 Qb3 30. Qxb3 Rxb3 31. h3 a5 1/2-1/2

[Event "Open A"]
[Site "Moscow RUS"]
[Date "2010.02.06"]
[Round "8"]
[White "Najer,E"]
[Black "Panarin,M"]
[Result "1-0"]
[WhiteElo "2665"]
[BlackElo "2518"]
[EventDate "2010.01.30"]

1. e4 c5 2. Nf3 Nc6 3. d4 cxd4 4. Nxd4 Qc7 5. Nc3 e6 6. Be3 a6 7. Qd2 Nf6
8. O-O-O Bb4 9. f3 Ne7 10. Nde2 d5 11. Bg5 dxe4 12. Bxf6 gxf6 13. Qd4 exf3
14. Qxb4 fxe2 15. Bxe2 f5 16. Rhe1 O-O 17. g4 fxg4 18. Qxg4+ Ng6 19. Rg1
Kh8 20. Kb1 Qf4 21. Qh5 Qh4 22. Qc5 Qe7 23. Qb6 Nf4 24. Bc4 e5 25. Qh6 f6
26. Rde1 Be6 27. Bxe6 Nxe6 28. Nd5 Qf7 29. Ref1 Rg8 30. Nxf6 Rxg1 31. Rxg1
Rf8 32. Ne4 Qf4 33. Qh3 Qxe4 34. Qxe6 Qf4 35. a4 Qxh2 36. Qg4 Qh6 37. Qe4
Qe6 38. Qxb7 Rg8 39. Re1 Re8 40. Qe4 Qg6 41. Qd5 Qe6 42. Qe4 Qg6 43. Qc4
Qe6 44. Qc5 Qf6 45. Qc3 Qg7 46. Re4 Qg1+ 47. Ka2 Qg8+ 48. b3 Qd5 49. Rc4
Kg8 50. Rg4+ Kh8 51. Qc7 Rg8 52. Rh4 Rg7 53. Qc8+ Qg8 54. Qxa6 Rg2 55. Qf6+
Qg7 56. Qd8+ Qg8 57. Qf6+ Qg7 58. Qd8+ Qg8 59. Qc7 Re2 60. Kb2 e4 61. Qc3+
Qg7 62. a5 Re1 63. Qxg7+ Kxg7 64. a6 e3 65. a7 e2 66. Re4 1-0

[Event "Open A"]
[Site "Moscow RUS"]
[Date "2010.02.06"]
[Round "8"]
[White "Gabrielian,A"]
[Black "Nepomniachtchi,I"]
[Result "1/2-1/2"]
[WhiteElo "2523"]
[BlackElo "2658"]
[EventDate "2010.01.30"]

1. e4 c5 2. Nf3 d6 3. d4 cxd4 4. Nxd4 Nf6 5. Nc3 a6 6. Be3 e5 7. Nb3 Be7 8.
f3 Be6 9. Qd2 Nbd7 10. O-O-O h5 11. h3 b5 12. Qf2 Rb8 13. Be2 b4 14. Nd5
Bxd5 15. exd5 a5 16. Kb1 a4 17. Nc1 Qa5 18. Bc4 h4 19. Rhe1 Bd8 20. g4 hxg3
21. Qxg3 Rc8 22. b3 Kf8 23. Nd3 Nb6 24. Bxb6 Bxb6 25. f4 e4 26. Ne5 axb3
27. cxb3 Ra8 28. Re2 e3 29. Qf3 Re8 30. Nc6 Qa3 31. Bd3 Rh5 32. f5 Bc5 33.
Rc1 Rh4 34. Qg3 Rh6 35. Rg2 Nh5 36. Qg5 e2 37. Rxe2 Rxe2 38. Bxe2 Nf6 39.
Rxc5 dxc5 40. Qe3 Kg8 41. d6 Kh7 42. Bc4 Qa8 43. Qf3 Qf8 44. Qd3 Qe8 45.
Ne7 Rh4 46. Bb5 Qa8 47. Nc6 Qb7 48. a4 bxa3 49. Ka2 Qb6 50. d7 Nxd7 51. f6+
g6 52. Qxd7 Qxb5 53. Qxf7+ Kh6 54. Qg7+ Kg5 55. Qe7 Rxh3 56. f7+ Kh5 57.
Qe5+ g5 58. Nd4 Qf1 59. Qh8+ Kg4 60. Qc8+ Kh5 61. Qh8+ Kg4 62. Qc8+ Kh5 63.
Qh8+ 1/2-1/2

[Event "Open A"]
[Site "Moscow RUS"]
[Date "2010.02.06"]
[Round "8"]
[White "Kabanov,N"]
[Black "Savchenko,B"]
[Result "0-1"]
[WhiteElo "2510"]
[BlackElo "2638"]
[EventDate "2010.01.30"]

1. e4 c5 2. Nf3 Nc6 3. Bb5 e6 4. O-O Nge7 5. c3 a6 6. Ba4 d5 7. exd5 Qxd5
8. d4 cxd4 9. cxd4 b5 10. Bb3 Qd8 11. Nc3 Na5 12. Bc2 Bb7 13. Re1 Rc8 14.
Ne4 Nd5 15. Bg5 Be7 16. Bxe7 Qxe7 17. Nc5 O-O 18. Qd3 Nf6 19. Ng5 h6 20.
Nh7 Rfd8 21. Nxf6+ Qxf6 22. Qh7+ Kf8 23. b4 Rxd4 24. Rad1 Ke7 25. h3 0-1

[Event "Open A"]
[Site "Moscow RUS"]
[Date "2010.02.06"]
[Round "8"]
[White "Shcherbakov,R"]
[Black "Sjugirov,S"]
[Result "1/2-1/2"]
[WhiteElo "2505"]
[BlackElo "2610"]
[EventDate "2010.01.30"]

1. e4 c5 2. Nf3 d6 3. d4 cxd4 4. Nxd4 Nf6 5. Nc3 a6 6. Be3 e5 7. Nf3 Be7 8.
Bc4 O-O 9. O-O Nc6 10. Qe2 Na5 11. Bd5 Bd7 12. Rfd1 Rc8 13. a4 h6 14. Nd2
Qc7 15. Ba2 Be6 16. Rdc1 Bxa2 17. Rxa2 Nc6 18. Raa1 Nb4 19. Nf1 Qc4 20.
Qxc4 Rxc4 21. Bd2 d5 22. Ne3 Rd4 23. Be1 g6 24. exd5 Nbxd5 25. Ncxd5 Nxd5
26. c3 Rd3 27. Rd1 Rxd1 28. Rxd1 Nxe3 29. fxe3 Rd8 30. Rxd8+ Bxd8 31. e4 f5
32. Kf2 Kf7 33. Kf3 h5 34. h3 Ke6 35. c4 Bb6 1/2-1/2

[Event "Open A"]
[Site "Moscow RUS"]
[Date "2010.02.06"]
[Round "8"]
[White "Rychagov,A"]
[Black "Shinkevich,V"]
[Result "0-1"]
[WhiteElo "2568"]
[BlackElo "2501"]
[EventDate "2010.01.30"]

1. d4 d5 2. c4 c6 3. Nf3 Nf6 4. Nc3 e6 5. Bg5 h6 6. Bh4 dxc4 7. e4 g5 8.
Bg3 b5 9. Be2 Bb7 10. O-O Nbd7 11. Ne5 h5 12. Nxd7 Qxd7 13. Be5 Rh6 14. Qc1
Ng4 15. Bxg4 hxg4 16. Qxg5 Rg6 17. Qe3 f6 18. Bg3 Kf7 19. Rfd1 Rd8 20. Ne2
e5 21. d5 cxd5 22. exd5 Qc7 23. b3 Bh6 24. f4 gxf3 25. Qxf3 Qc5+ 26. Bf2
Rxd5 27. Qxd5+ Qxd5 28. Rxd5 Bxd5 29. g3 a6 30. Nc3 Bf3 31. bxc4 bxc4 32.
Rb1 f5 0-1

[Event "Open A"]
[Site "Moscow RUS"]
[Date "2010.02.06"]
[Round "8"]
[White "Krapivin,A"]
[Black "Shomoev,A"]
[Result "1-0"]
[WhiteElo "2495"]
[BlackElo "2559"]
[EventDate "2010.01.30"]

1. e4 c5 2. Nc3 Nc6 3. g3 g6 4. Bg2 Bg7 5. d3 d6 6. Be3 Rb8 7. Qd2 b5 8.
Nf3 b4 9. Nd1 e5 10. O-O a5 11. c3 a4 12. d4 bxc3 13. bxc3 exd4 14. cxd4
Bg4 15. e5 cxd4 16. Nxd4 Nxd4 17. Qxd4 Bxe5 18. Qxg4 Bxa1 19. Ba7 Rc8 20.
Ne3 Be5 21. f4 Nh6 22. Qh3 Bg7 23. Nd5 Rc2 24. Re1+ Kf8 25. Be4 Rc4 26. Bd3
Qc8 27. Qh4 Rc7 28. Nb6 Bd4+ 29. Kf1 Qb7 30. Nd7+ Rxd7 31. Bxd4 Qf3+ 32.
Kg1 Ng4 33. Be4 Qa3 34. Qxg4 Qb4 35. Qd1 Rg8 36. Bf6 d5 37. Bg2 Qb6+ 38.
Bd4 Qb4 39. a3 Qc4 40. Bf1 Qc6 41. Qe2 f6 42. Qe8+ Kg7 43. Re7+ Rxe7 44.
Qxc6 1-0

[Event "Open A"]
[Site "Moscow RUS"]
[Date "2010.02.06"]
[Round "8"]
[White "Zontakh,A"]
[Black "Kovalenko,I"]
[Result "1/2-1/2"]
[WhiteElo "2540"]
[BlackElo "2486"]
[EventDate "2010.01.30"]

1. d4 d5 2. c4 c6 3. Nf3 Nf6 4. Nc3 dxc4 5. a4 e6 6. e3 c5 7. Bxc4 Nc6 8.
O-O cxd4 9. exd4 Be7 10. Re1 O-O 11. Bg5 Bd7 12. Qd2 Nb4 13. Ne5 Rc8 14.
Rad1 Nbd5 15. Bxf6 Bxf6 16. Nxd5 exd5 17. Bxd5 Bxa4 18. Bxb7 Bxe5 19. Rxe5
Rc2 20. Qb4 Rxb2 21. Qxb2 Bxd1 22. Qa1 Qb6 23. Be4 Bb3 24. Ra5 Re8 25. Rxa7
Bd5 26. f3 Bxe4 27. fxe4 h6 28. Ra8 1/2-1/2

[Event "Open A"]
[Site "Moscow RUS"]
[Date "2010.02.06"]
[Round "8"]
[White "Lastin,A"]
[Black "Bezgodov,A"]
[Result "1/2-1/2"]
[WhiteElo "2659"]
[BlackElo "2490"]
[EventDate "2010.01.30"]

1. d4 d5 2. c4 dxc4 3. Nf3 a6 4. e3 b5 5. a4 Bb7 6. b3 e6 7. bxc4 bxc4 8.
Bxc4 Nf6 9. Nbd2 Bb4 10. O-O O-O 11. Bb2 c5 12. Nb3 1/2-1/2

[Event "Open A"]
[Site "Moscow RUS"]
[Date "2010.02.06"]
[Round "8"]
[White "Khismatullin,D"]
[Black "Gladyszev,O"]
[Result "1-0"]
[WhiteElo "2651"]
[BlackElo "2469"]
[EventDate "2010.01.30"]

1. b3 d6 2. Bb2 e5 3. g3 g6 4. Bg2 Bg7 5. e3 Ne7 6. d4 O-O 7. c4 exd4 8.
Bxd4 Bxd4 9. Qxd4 Nbc6 10. Qd2 Be6 11. Nc3 Qd7 12. h3 Rad8 13. Rd1 a5 14.
Nd5 f6 15. Ne2 Kg7 16. Nef4 Bg8 17. Nxe7 Qxe7 18. Bxc6 bxc6 19. Qxa5 Ra8
20. Qd2 Ra3 21. Ne2 d5 22. cxd5 Bxd5 23. O-O Bf3 24. Qd7 Kf7 25. Qxe7+ Kxe7
26. Rd2 Bxe2 27. Rxe2 Rfa8 28. Rc1 Rxa2 29. Rxa2 Rxa2 30. Rxc6 Ra7 31. Kf1
f5 32. g4 Kd7 33. Rc4 fxg4 34. hxg4 Ra5 35. b4 Rb5 36. Kg2 h5 37. Kg3 hxg4
38. Kxg4 Rf5 39. f4 Rb5 40. e4 Kd6 41. e5+ Kd7 42. Kg5 Rb6 43. b5 Rxb5 44.
Kxg6 c5 45. f5 Kc6 46. e6 Kd6 47. Rc1 Ke7 48. Re1 Rb6 49. f6+ Kf8 50. Rh1
1-0

[Event "Open A"]
[Site "Moscow RUS"]
[Date "2010.02.07"]
[Round "9"]
[White "Chernyshov,K"]
[Black "Le Quang Liem"]
[Result "1/2-1/2"]
[WhiteElo "2556"]
[BlackElo "2647"]
[EventDate "2010.01.30"]

1. c4 Nf6 2. Nc3 e6 3. d4 Bb4 4. Bd2 d5 5. Nf3 O-O 6. e3 b6 7. Rc1 Be7 8.
Bd3 c5 9. cxd5 exd5 10. O-O Nbd7 11. dxc5 bxc5 12. e4 d4 13. Na4 Bb7 14.
Re1 Re8 15. e5 Nd5 16. b3 N5b6 17. Nb2 Nf8 18. Bb5 Nbd7 19. Nc4 Qb8 20. Ba4
Bd5 21. Bf4 Rd8 22. Ng5 Ng6 23. Qg4 Ndf8 24. Bg3 Qc8 25. Qxc8 Raxc8 26. Ne4
h5 27. h3 h4 28. Bh2 Ne6 29. Ncd6 Rc7 30. Ne8 Rb7 31. N8d6 Rc7 32. Ne8 Rcc8
33. N8d6 Bxd6 34. exd6 Ngf8 35. Bb5 f5 36. d7 Nxd7 37. Nd6 Rb8 38. Bc4 Bxc4
39. Nxc4 Kf7 40. Bxb8 Rxb8 1/2-1/2

[Event "Open A"]
[Site "Moscow RUS"]
[Date "2010.02.07"]
[Round "9"]
[White "Inarkiev,E"]
[Black "Volkov,Sergey1"]
[Result "1-0"]
[WhiteElo "2649"]
[BlackElo "2623"]
[EventDate "2010.01.30"]

1. d4 d5 2. c4 c6 3. Nc3 Nf6 4. e3 a6 5. Qc2 g6 6. Bd3 Bg7 7. Nf3 Bg4 8.
Ne5 Be6 9. Qb3 b5 10. cxb5 axb5 11. O-O Ne4 12. Qc2 Nxc3 13. Qxc3 Qd6 14.
Be2 b4 15. Qb3 c5 16. Bb5+ Kf8 17. Bd2 Qb6 18. a4 bxa3 19. dxc5 Qxc5 20.
Nd3 Qb6 21. Rxa3 Rxa3 22. bxa3 Bf6 23. Nf4 Kg7 24. a4 Nd7 25. Bb4 Nc5 26.
Qa3 Rc8 27. Rc1 Ne4 28. Rxc8 Bxc8 29. Nxd5 Qd8 30. Qb3 Be6 31. Bc4 Qc8 32.
Qd3 Nc5 33. Bxc5 Qxc5 34. Nxf6 Bxc4 35. Ne4 Qc6 36. Qc3+ f6 37. Nd2 Bd5 38.
Qxc6 Bxc6 39. a5 Kf7 40. f4 Ke6 41. e4 Kd6 42. Kf2 Kc5 43. Ke3 Kb5 44. Nb3
Be8 45. e5 Kb4 46. exf6 exf6 47. Nd2 Kxa5 48. Ne4 f5 49. Nf6 Bc6 50. g3 h5
51. Kd4 Kb4 52. Nd5+ Kb3 53. Ne7 Be8 54. Ke5 Kc4 55. Kf6 Kd4 56. Nxg6 Ke3
57. Kxf5 Kf2 58. Kg5 Kg2 59. h4 Kxg3 60. f5 Kf3 61. f6 Ke4 62. Nh8 1-0

[Event "Open A"]
[Site "Moscow RUS"]
[Date "2010.02.07"]
[Round "9"]
[White "Bologan,V"]
[Black "Amonatov,F"]
[Result "1-0"]
[WhiteElo "2692"]
[BlackElo "2634"]
[EventDate "2010.01.30"]

1. e4 c5 2. Nf3 d6 3. d4 cxd4 4. Nxd4 Nf6 5. Nc3 a6 6. Be3 Ng4 7. Bg5 h6 8.
Bh4 g5 9. Bg3 Bg7 10. h3 Ne5 11. Nf5 Bxf5 12. exf5 Nbd7 13. Be2 Nc6 14. O-O
Bxc3 15. bxc3 Qa5 16. Rb1 Rb8 17. Bf3 Qc7 18. Bxc6 Qxc6 19. Re1 Kd8 20. Rb4
Re8 21. Re3 Rc8 22. Rd4 Qb5 23. Qf3 f6 24. Qh5 Qxf5 25. Rxd6 Rc5 26. Rd2 e5
27. Qf7 Rc7 28. Bxe5 1-0